| 000 | 00620nam a2200205 a 4500 | ||
|---|---|---|---|
| 999 |
_c2806 _d2806 |
||
| 001 | 2806 | ||
| 003 | BD-JhCC | ||
| 005 | 20220519134021.0 | ||
| 008 | 171106b2007 bg ||||| |||| 00| 0 ben d | ||
| 035 | _a(BD-JhCC) | ||
| 040 |
_aBD-JhCC _dBD-JhCC |
||
| 041 | _aben | ||
| 082 |
_a910 _bAHA 2007 |
||
| 100 | _aআহমেদ, হুমায়ূন | ||
| 245 |
_aদেখা না-দেখা / _cহুমায়ূন আহমেদ |
||
| 260 |
_aঢাকা: _bঅন্যপ্রকাশ ; _c২০০৭ |
||
| 300 |
_a১২৬ পৃ.; _c২২ সেমি |
||
| 650 | _aTravelogue | ||
| 942 |
_2ddc _cBK _02 |
||